[Event "ICS rated bullet match"]
[Site "207.99.83.227"]
[Date "1999.04.21"]
[Round "?"]
[White "Tim"]
[Black "Hossa"]
[Result "1/2-1/2"]
[WhiteElo "2195"]
[BlackElo "2463"]
[PlyCount "60"]

1. d4 Nf6 2. f3 d5 3. e4 dxe4 4. Nc3 exf3 5. Nxf3 Bf5 6. Ne5 e6 7. g4 Be4 8.
Nxe4 Nxe4 9. Qf3 Qh4+ 10. Kd1 Nf2+ 11. Ke2 Nxh1 12. Qxf7+ Kd8 13. Bg2 Bd6 14.
Qxg7 Qf2+ 15. Kd3 Rf8 16. Bxb7 Qf1+ 17. Kc3 Qe1+ 18. Bd2 Bb4+ 19. Kxb4 Qxd2+
20. Kb3 Rf2 21. Qg8+ Ke7 22. Qxh7+ Ke8 23. Bxa8 Qe3+ 24. c3 Qe2 25. Rb1 Qb5+
26. Ka3 Qa5+ 27. Kb3 Qb5+ 28. Ka3 Qa5+ 29. Kb3 Qb5+ 30. Ka3 30... Qa5+ {
Game drawn by repetition} 1/2-1/2

[Event "ICS rated bullet match"]
[Site "207.99.83.227"]
[Date "1999.04.21"]
[Round "?"]
[White "Tim"]
[Black "Hossa"]
[Result "0-1"]
[WhiteElo "2205"]
[BlackElo "2453"]
[PlyCount "44"]

1. d4 Nf6 2. f3 d5 3. e4 dxe4 4. Nc3 exf3 5. Nxf3 Bf5 6. Ne5 e6 7. g4 Be4 8.
Nxe4 Nxe4 9. Qf3 Qh4+ 10. Kd1 Nf2+ 11. Ke2 Nxh1 12. Qxf7+ Kd8 13. Bg2 Bd6 14.
Bxb7 Qxh2+ 15. Kd3 Nf2+ 16. Kc4 Ne4 17. Bxe4 Qe2+ 18. Bd3 Qg2 19. Bg5+ Kc8 20.
Qxg7 Qd5+ 21. Kc3 Qa5+ 22. Kb3 22... Qb4# {Tim checkmated} 0-1

[Event "ICS rated bullet match"]
[Site "207.99.83.227"]
[Date "1999.04.21"]
[Round "?"]
[White "Tim"]
[Black "Hossa"]
[Result "1-0"]
[WhiteElo "2199"]
[BlackElo "2459"]
[Annotator "Crafty v16.6"]
[PlyCount "93"]

{annotating for player Hossa using a scoring margin of +0.10 pawns. search
time limit is 10.00} 1. d4 1... Nf6 2. f3 d5 3. e4 dxe4 4. Nc3 exf3 5. Nxf3 Bf5
6. Ne5 e6 7. g4 Be4 8. Nxe4 Nxe4 9. Qf3 Qh4+ ({7:+0.69} 9... Qh4+ 10. Ke2 Nd6
11. Qf4 h5 12. g5 Qxf4 13. Bxf4 13... Ne4 $15) ({7:+0.82} 9... Qxd4 10. Qxf7+
Kd8 11. Nd3 Bb4+ 12. Nxb4 Qxb4+ 13. c3 Qf8 14. Qf4 Qxf4 15. Bxf4 $17) 10. Kd1
Nf2+ 11. Ke2 Nxh1 12. Qxf7+ Kd8 13. Bg2 Bd6 14. Qxg7 Qf2+ 15. Kd3 Rf8 16. Bxb7
Qf1+ 17. Kc3 Qe1+ 18. Bd2 Bb4+ 19. Kxb4 Qxd2+ 20. Kb3 Rf2 21. Qg8+ Ke7 22.
Qxh7+ Ke8 23. Bxa8 Qxd4 24. Bc6+ Kd8 25. Qh8+ Ke7 26. Ng6+ Kd6 27. Qxd4+ Kxc6
28. Rxh1 Rf3+ 29. c3 Rh3 30. Ne5+ Kb7 31. Qe4+ c6 32. g5 Rh8 33. g6 Rh5 34. g7
Rg5 35. Qh7 Ka8 36. g8=Q Rxg8 37. Qxg8 Kb7 38. h4 Na6 39. h5 Nc7 40. h6 Nd5 41.
h7 Ne7 42. Qf7 Kb6 43. Qxe7 a5 44. h8=Q a4+ 45. Kc2 Ka6 46. Qb8 c5 47. Qea7#
1-0

[Event "ICS rated blitz match"]
[Site "207.99.83.227"]
[Date "1999.04.21"]
[Round "?"]
[White "Hossa"]
[Black "deck"]
[Result "1/2-1/2"]
[WhiteElo "2409"]
[BlackElo "2111"]
[PlyCount "73"]

1. e4 d6 2. d4 Nf6 3. Nc3 g6 4. Bg5 Bg7 5. Nf3 O-O 6. Be2 Nc6 7. d5 Nb8 8. Qd2
Bg4 9. Bh6 a5 10. Bxg7 Kxg7 11. O-O-O c5 12. Qg5 Bd7 13. Rdf1 b5 14. Nd2 b4 15.
Ncb1 Qc7 16. h4 c4 17. Nxc4 Bb5 18. Nbd2 Bxc4 19. Nxc4 Nbd7 20. h5 h6 21. Qf4
g5 22. Qf5 Nc5 23. f3 a4 24. Rfg1 b3 25. cxb3 axb3 26. a3 Ra4 27. Kd2 Rxc4 28.
Bxc4 Ncxe4+ 29. fxe4 Qxc4 30. Ke3 Qc2 31. Rb1 Qxg2 32. Rhg1 Qh2 33. Rh1 Qg2 34.
Rhg1 Qh2 35. Rh1 Qg2 36. Rhg1 Qh2 37. Rh1 {Game drawn by repetition} 1/2-1/2

[Event "ICS rated bullet match"]
[Site "207.99.83.227"]
[Date "1999.04.21"]
[Round "?"]
[White "SuperChicken"]
[Black "Hossa"]
[Result "1-0"]
[WhiteElo "2821"]
[BlackElo "2427"]
[Annotator "Crafty v16.6"]
[PlyCount "141"]

{annotating for player Hossa using a scoring margin of +0.10 pawns. search
time limit is 10.00} 1. e4 1... e5 2. Nf3 Nf6 3. d4 exd4 4. e5 Ne4 5. Qxd4 f5
6. exf6 Nxf6 7. Be2 Nc6 8. Qe3+ Be7 ({8:-0.78} 8... Be7 9. O-O Ng4 10. Qf4 d5
11. Bb5 Be6 12. Bxc6+ bxc6 13. Nc3 $16) ({8:-0.61} 8... Qe7 9. O-O Qxe3 10.
Bxe3 Nb4 11. Na3 Nbd5 12. Bd4 Bxa3 13. bxa3 $14) 9. O-O O-O 10. Ng5 h6 ({
8:-0.79} 10... h6 11. Bc4+ d5 12. Ne6 Ng4 13. Nxd8 Nxe3 14. Nxc6 bxc6 15. Bxe3
15... dxc4 $16) ({8:-0.39} 10... Re8 11. Nc3 d5 12. Qf4 Bb4 13. Be3 Bxc3 14.
bxc3 14... Qd6 $14) 11. Bc4+ d5 12. Ne6 Bxe6 13. Qxe6+ Kh8 14. Bd3 Qc8 15. Qxc8
Raxc8 16. Nc3 Bb4 17. Ne2 Ne5 18. Bf5 Rce8 19. Nf4 a6 20. Ne6 Rf7 21. f4 g6 22.
fxe5 gxf5 23. exf6 Rxe6 24. Bxh6 Rfxf6 25. Bg5 Rf7 26. Rad1 c6 27. Rf4 Bd6 28.
Rf3 f4 29. Kf1 Rg6 30. h4 Kg7 31. Re1 b5 32. Re8 c5 33. Ke2 a5 34. Kd1 a4 35.
a3 d4 36. Ke2 b4 37. axb4 cxb4 38. Rd3 Rc7 39. Kd2 b3 40. cxb3 axb3 41. Rxb3
Rf7 42. Re4 Bc5 43. Rb5 f3 44. gxf3 Rc6 45. b4 Bb6 46. Bf4 Kf8 47. h5 Ra7 48.
Rf5+ Kg8 49. Re8+ Kh7 50. Be5 Kh6 51. Rh8+ Rh7 52. Bf4+ Kg7 53. h6+ Rcxh6 54.
Bxh6+ Kg6 55. Rxh7 Kxf5 56. Rb7 Bd8 57. Bg7 Bg5+ 58. Kd3 Ke6 59. Bxd4 Bc1 60.
b5 Bf4 61. b6 Bg3 62. Ke4 Be1 63. Rg7 Bb4 64. b7 Bd6 65. f4 Bb8 66. f5+ Kd6 67.
Be5+ Kc5 68. Bxb8 Kb6 69. Be5 Kc6 70. b8=Q Kc5 71. Rc7# 1-0

[Event "ICS rated blitz match"]
[Site "207.99.83.227"]
[Date "1999.04.21"]
[Round "?"]
[White "lunarlander"]
[Black "Hossa"]
[Result "0-1"]
[WhiteElo "2120"]
[BlackElo "2413"]
[PlyCount "52"]

1. e4 d6 2. d4 Nf6 3. Nc3 g6 4. Be2 Bg7 5. Nf3 Nbd7 6. O-O e5 7. Re1 O-O 8. b3
exd4 9. Nxd4 c5 10. Ndb5 Nxe4 11. Nxe4 Bxa1 12. c3 d5 13. Bh6 dxe4 14. Qxa1 Re8
15. Bc4 Ne5 16. Rd1 Qh4 17. Be3 Nxc4 18. bxc4 Re5 19. g3 Qe7 20. Bf4 Rf5 21.
Nc7 Rxf4 22. Nxa8 Rf3 23. Qc1 b6 24. Rd2 e3 25. Re2 exf2+ 26. Kf1 26... Bh3# {
lunarlander checkmated} 0-1

[Event "ICS rated blitz match"]
[Site "207.99.83.227"]
[Date "1999.04.21"]
[Round "?"]
[White "Hossa"]
[Black "DanL"]
[Result "1-0"]
[WhiteElo "2418"]
[BlackElo "2207"]
[PlyCount "45"]

1. e4 e5 2. Nf3 Nc6 3. Bb5 g6 4. O-O Bg7 5. d3 Nge7 6. Bg5 h6 7. Bh4 a6 8. Bxc6
bxc6 9. Qd2 g5 10. Bg3 Ng6 11. Qc3 O-O 12. Nxe5 d6 13. Qxc6 Bxe5 14. Qxa8 Bxb2
15. Nd2 Bxa1 16. Rxa1 Qf6 17. Nb3 Qc3 18. Rc1 Qb2 19. Qc6 Qxa2 20. Qc3 Qa4 21.
Qxc7 Be6 22. Ra1 Qb4 23. Bxd6 {DanL resigns} 1-0

[Event "ICS rated blitz match"]
[Site "207.99.83.227"]
[Date "1999.04.21"]
[Round "?"]
[White "fidelito"]
[Black "Hossa"]
[Result "0-1"]
[WhiteElo "2111"]
[BlackElo "2425"]
[PlyCount "74"]

1. e4 e6 2. d3 d5 3. Nd2 Nc6 4. g3 Nf6 5. Bg2 Bc5 6. Ngf3 dxe4 7. dxe4 O-O 8.
O-O e5 9. c3 Qd3 10. h3 Be6 11. Re1 Rad8 12. Qe2 Qxe2 13. Rxe2 Rd3 14. b4 Bb6
15. b5 Na5 16. Bb2 Rfd8 17. Kh2 Bc4 18. Nxc4 Nxc4 19. a4 Ba5 20. Rc1 Rd1 21.
Rxd1 Rxd1 22. Rc2 Nd7 23. Bc1 Nc5 24. Bd2 Nxe4 25. Be1 Nc5 26. Bf1 Nd6 27. Re2
e4 28. Nd4 Nxa4 29. Bg2 Bxc3 30. Bxc3 Nxc3 31. Rc2 Rxd4 32. Rxc3 Nxb5 33. Rc5
c6 34. Re5 Nd6 35. Re7 Kf8 36. Rd7 Ke8 37. Rc7 37... Kd8 {fidelito resigns} 0-1

[Event "ICS rated blitz match"]
[Site "207.99.83.227"]
[Date "1999.04.21"]
[Round "?"]
[White "Hossa"]
[Black "DanL"]
[Result "1-0"]
[WhiteElo "2430"]
[BlackElo "2200"]
[PlyCount "89"]

1. e4 e5 2. Nf3 Nc6 3. Bb5 g6 4. O-O Bg7 5. d3 h6 6. Nc3 Nge7 7. Be3 O-O 8. Qd2
Kh7 9. d4 exd4 10. Nxd4 Nxd4 11. Bxd4 d6 12. Bxg7 Kxg7 13. Rae1 a6 14. Bc4 Nc6
15. Bb3 Be6 16. Nd5 Bxd5 17. exd5 Ne7 18. Qb4 b6 19. Kh1 h5 20. Qf4 Nf5 21. c3
Re8 22. Ba4 b5 23. Bc2 Qh4 24. Qxh4 Nxh4 25. Re3 Rxe3 26. fxe3 g5 27. a4 Re8
28. axb5 axb5 29. e4 Ng6 30. Bd3 Rb8 31. Be2 h4 32. b4 Nf4 33. Bg4 Ra8 34. g3
hxg3 35. hxg3 Ng6 36. Be2 Re8 37. Bxb5 Rxe4 38. Kg2 Ne5 39. Ra1 Re3 40. Ra3 g4
41. Kf2 Rf3+ 42. Kg2 Kf6 43. Be2 Re3 44. Kf2 Re4 45. Ra7 {DanL resigns} 1-0

[Event "ICS rated blitz match"]
[Site "207.99.83.227"]
[Date "1999.04.21"]
[Round "?"]
[White "Hossa"]
[Black "Angharad"]
[Result "1-0"]
[WhiteElo "2441"]
[BlackElo "2092"]
[PlyCount "47"]

1. e4 e5 2. Nf3 Nc6 3. Bb5 a6 4. Ba4 Nf6 5. d3 Bc5 6. Nc3 d6 7. Bg5 h6 8. Bxf6
Qxf6 9. Nd5 Qd8 10. d4 exd4 11. Nxd4 Bd7 12. c3 O-O 13. O-O b5 14. Bc2 Ne5 15.
Qe1 c6 16. Ne3 Qe7 17. b4 Bb6 18. Rd1 g6 19. Qe2 Kg7 20. f4 Nc4 21. Nxc4 bxc4
22. Qxc4 Be6 23. Qxc6 Rab8 24. f5 {Angharad resigns} 1-0

[Event "ICS rated blitz match"]
[Site "207.99.83.227"]
[Date "1999.04.21"]
[Round "?"]
[White "knightcrawler"]
[Black "Hossa"]
[Result "0-1"]
[WhiteElo "2076"]
[BlackElo "2445"]
[PlyCount "58"]

1. e4 d6 2. Nf3 Nf6 3. Nc3 e5 4. d4 exd4 5. Nxd4 Be7 6. Bd3 O-O 7. O-O Bg4 8.
f3 Be6 9. Nxe6 fxe6 10. Bc4 Qd7 11. Qe2 Nc6 12. Be3 Ne5 13. Bb3 Kh8 14. Rad1 a6
15. h3 Nh5 16. Qf2 Rae8 17. Qe1 Bd8 18. f4 Ng6 19. Qd2 Bh4 20. Rf3 Qc6 21. g4
Ng3 22. Rxg3 Bxg3 23. f5 Nh4 24. Rf1 Be5 25. Qe1 Bxc3 26. bxc3 Qxe4 27. Qxh4
Qxe3+ 28. Kg2 Qe4+ 29. Kg1 29... exf5 {knightcrawler resigns} 0-1

[Event "ICS rated blitz match"]
[Site "207.99.83.227"]
[Date "1999.04.22"]
[Round "?"]
[White "Hossa"]
[Black "knightcrawler"]
[Result "1-0"]
[WhiteElo "2448"]
[BlackElo "2073"]
[PlyCount "65"]

1. e4 e5 2. Nf3 Nc6 3. Bb5 a6 4. Ba4 Nf6 5. d3 Be7 6. Bxc6 dxc6 7. Nxe5 O-O 8.
O-O Bd6 9. Nf3 Bg4 10. Nbd2 Nd7 11. d4 c5 12. c3 cxd4 13. cxd4 c5 14. Nc4 Be7
15. d5 b5 16. Ne3 Bh5 17. Nf5 Ne5 18. Nxe5 Bxd1 19. Nc6 Qc7 20. Nfxe7+ Kh8 21.
Rxd1 c4 22. Re1 Qd7 23. Be3 Rae8 24. Bc5 f6 25. a4 Rf7 26. axb5 axb5 27. Ra7
Qg4 28. d6 f5 29. d7 Rfxe7 30. Bxe7 Rg8 31. Ne5 Qh5 32. Rc7 f4 33. Rc8 {
knightcrawler resigns} 1-0

[Event "ICS rated blitz match"]
[Site "207.99.83.227"]
[Date "1999.04.22"]
[Round "?"]
[White "knightcrawler"]
[Black "Hossa"]
[Result "1-0"]
[WhiteElo "2070"]
[BlackElo "2451"]
[Annotator "Crafty v16.6"]
[PlyCount "69"]

{annotating for player Hossa using a scoring margin of +0.10 pawns. search
time limit is 10.00} 1. e4 1... e6 2. d3 d5 3. Nd2 Nc6 4. f4 Bb4 ({7:-0.10} 
4... Bb4 5. c3 Be7 6. Qg4 Bf6 7. Ngf3 7... Nge7 $10) ({7:+0.23} 4... Nh6 5.
Ngf3 Ng4 6. Qe2 Nb4 7. Nb3 dxe4 8. dxe4 $10) 5. c3 Be7 6. Ngf3 Nf6 7. g3 Ng4 ({
9:+0.55} 7... Ng4 8. Qe2 dxe4 9. Nxe4 O-O 10. Bg2 Bd7 11. h3 Nf6 12. Bd2 $15) (
{9:+0.81} 7... dxe4 8. dxe4 O-O 9. Bb5 Nb8 10. e5 Ng4 11. Ne4 Nc6 12. Bxc6
12... bxc6 $17) 8. Qe2 O-O 9. h3 Nf6 10. Bg2 d4 ({8:+0.03} 10... d4 11. c4 Nb4
12. Nb3 Nh5 13. Kf2 Bf6 14. Ne5 $10) ({8:+0.50} 10... Nh5 11. Nf1 dxe4 12. Ne5
Nf6 13. Nxc6 bxc6 14. Bxe4 Nxe4 15. Qxe4 $15) 11. O-O dxc3 12. bxc3 Bc5+ ({
8:+0.28} 12... Bc5+ 13. Kh2 Qe7 14. Nb3 Bb6 15. c4 Rd8 16. Be3 16... Bd7 $10) (
{8:+0.54} 12... Nh5 13. Kh2 Bf6 14. e5 Be7 15. Ne1 g6 16. Bb2 $15) 13. d4 Nxd4
14. cxd4 Bxd4+ 15. Kh1 Nh5 16. Kh2 Bxa1 17. Ba3 Bc3 18. Bxf8 Qxf8 19. Nc4 c6
20. e5 h6 21. Nh4 Qc5 22. Nd6 g6 23. Ne4 Qa5 24. Qg4 Kg7 25. Qf3 Bd4 26. Rd1
Qa4 27. Qd3 Bb2 28. Qd8 b6 29. Nd6 Bc3 30. Ne8+ Kh7 31. Qe7 Qxf4 32. gxf4 Kg8
33. Rd8 Nxf4 34. Nf6+ Kg7 35. Qf8# 1-0

[Event "ICS rated blitz match"]
[Site "207.99.83.227"]
[Date "1999.04.22"]
[Round "?"]
[White "okiemark"]
[Black "Hossa"]
[Result "0-1"]
[WhiteElo "2181"]
[BlackElo "2422"]
[PlyCount "64"]

1. e4 e6 2. d4 d5 3. Nc3 dxe4 4. Nxe4 Nf6 5. Ng3 Bd6 6. Nf3 O-O 7. Bd3 Nc6 8.
Bg5 e5 9. dxe5 Nxe5 10. Nxe5 Bxe5 11. O-O Bxb2 12. Nh5 Re8 13. Rb1 Be5 14. Re1
Qd6 15. Nxf6+ gxf6 16. Bf4 Qf8 17. Qh5 Qg7 18. Bh6 Qg4 19. Qxg4+ Bxg4 20. h3
Bc8 21. g4 Rb8 22. Kg2 Be6 23. Be4 Bc3 24. Red1 b6 25. Bc6 Bxa2 26. Rb5 Rbd8
27. Bxe8 Rxd1 28. g5 Bd5+ 29. f3 fxg5 30. Bxg5 Kf8 31. Bd7 Bc4 32. Bc6 32...
Rd6 {okiemark resigns} 0-1

[Event "ICS rated blitz match"]
[Site "207.99.83.227"]
[Date "1999.04.22"]
[Round "?"]
[White "Hossa"]
[Black "ducy"]
[Result "1/2-1/2"]
[WhiteElo "2428"]
[BlackElo "2091"]
[PlyCount "70"]

1. e4 c5 2. Nf3 Nc6 3. Bb5 d6 4. d4 cxd4 5. Nxd4 Bd7 6. Nc3 Nf6 7. O-O a6 8.
Nxc6 Bxc6 9. Bxc6+ bxc6 10. Bg5 e6 11. Qd3 Be7 12. Rad1 d5 13. Qg3 Kf8 14. Bxf6
Bxf6 15. e5 Be7 16. Ne2 g6 17. Nd4 c5 18. Nc6 Qc7 19. Nxe7 Qxe7 20. Qf4 Kg7 21.
c3 Rhb8 22. Rd2 Rb6 23. h4 h5 24. b3 a5 25. Rd3 a4 26. bxa4 Rba6 27. Rb1 Rxa4
28. Qf6+ Qxf6 29. exf6+ Kxf6 30. Rf3+ Kg7 31. Rb7 Rf8 32. Re3 Kf6 33. Rf3+ Kg7
34. Re3 Kf6 35. Rf3+ 35... Kg7 {Game drawn by repetition} 1/2-1/2

[Event "ICS rated blitz match"]
[Site "207.99.83.227"]
[Date "1999.04.22"]
[Round "?"]
[White "kamikaze666"]
[Black "Hossa"]
[Result "0-1"]
[WhiteElo "2286"]
[BlackElo "2416"]
[PlyCount "48"]

1. d4 Nf6 2. c4 g6 3. Nc3 Bg7 4. e4 d6 5. Be2 O-O 6. Bg5 Nbd7 7. Qd2 e5 8. d5
Nc5 9. f3 Bd7 10. h4 Na4 11. Nxa4 Bxa4 12. Nh3 Bd7 13. Nf2 Re8 14. g3 Rc8 15.
h5 gxh5 16. b4 c5 17. dxc6 Rxc6 18. b5 Rc8 19. Qd5 Nxd5 20. Bxd8 Ne3 21. Ba5
Nc2+ 22. Kd2 Nxa1 23. Rxa1 Be6 24. Rc1 24... Bh6+ {kamikaze666 resigns} 0-1

[Event "ICS rated blitz match"]
[Site "207.99.83.227"]
[Date "1999.04.22"]
[Round "?"]
[White "Hossa"]
[Black "cxs"]
[Result "1-0"]
[WhiteElo "2426"]
[BlackElo "2069"]
[Annotator "Fritz 5.32 (15s)"]
[PlyCount "19"]

1. e4 c5 2. Nf3 d6 3. d4 cxd4 4. Nxd4 Nf6 5. Bb5+ Bd7 6. Nc3 Nc6 7. O-O e6 8.
Bg5 Be7 9. Nxc6 (9. f4 Qb6 10. Bxc6 Bxc6 11. e5 dxe5 12. fxe5 Bc5 13. Kh1 Bxd4
14. exf6 gxf6 15. Bxf6 Bxf6 16. Rxf6 16... Rg8 {
0-1 Cherner,L-Szrama,A/IECG 1997 (16)}) 9... bxc6 10. Bc4 $146 (10. Ba4 O-O 11.
Bxf6 gxf6 12. h4 Kh8 13. Ne2 Rg8 14. Ng3 Qb6 15. Qf3 Qxb2 16. Rfb1 Qd4 17. c4
Rab8 18. Rd1 Qe5 19. Rab1 a5 20. a3 f5 21. exf5 Bxh4 22. Rxb8 Rxb8 23. Ne4 Be7
24. fxe6 24... Qxe6 {Velvart,P-Sirigos,N/Balatonbereny op 1992/0-1 (59)}) (10.
Bc4 d5 11. exd5 exd5 12. Bb3 $11) 1-0

[Event "ICS rated blitz match"]
[Site "207.99.83.227"]
[Date "1999.04.22"]
[Round "?"]
[White "Hossa"]
[Black "kamikaze666"]
[Result "1-0"]
[WhiteElo "2438"]
[BlackElo "2303"]
[PlyCount "111"]

1. e4 c6 2. Nf3 d5 3. exd5 cxd5 4. d4 Nf6 5. Bf4 Qb6 6. b3 Bg4 7. Be2 e6 8. O-O
Nc6 9. c3 Be7 10. Ne5 Nxe5 11. dxe5 Bxe2 12. Qxe2 Ne4 13. Qg4 g6 14. Qf3 Rc8
15. Be3 Qc7 16. Bd4 O-O 17. Qh3 Bc5 18. Qh6 f6 19. exf6 Nxf6 20. Qh3 Qd6 21.
Bxc5 Rxc5 22. Nd2 Qc6 23. c4 dxc4 24. Nxc4 b5 25. Ne3 Nd5 26. Rae1 Nf4 27. Qg4
a5 28. h4 Nd3 29. Rd1 Rd8 30. Rd2 e5 31. Qg5 Rd7 32. Ng4 e4 33. Qf6 h5 34. Qxc6
Rxc6 35. Ne3 Rc3 36. Rfd1 Kf7 37. Kh2 Ke6 38. Kg3 Ke5 39. Rb1 Rd6 40. Ra1 Rf6
41. f3 exf3 42. gxf3 Rd6 43. Rad1 Rd8 44. a4 Rxb3 45. axb5 Kd4 46. Ng2 Kc4 47.
Nf4 Ne5 48. Rxd8 Rxf3+ 49. Kg2 Rxf4 50. b6 Nc6 51. Rc8 Rg4+ 52. Kf3 Kb5 53.
Rb1+ Rb4 54. Rxb4+ axb4 55. b7 Nb8 56. Rxb8 {kamikaze666 resigns} 1-0

[Event "ICS rated blitz match"]
[Site "207.99.83.227"]
[Date "1999.04.22"]
[Round "?"]
[White "kamikaze666"]
[Black "Hossa"]
[Result "1-0"]
[WhiteElo "2293"]
[BlackElo "2448"]
[PlyCount "81"]

1. d4 Nf6 2. c4 g6 3. Nc3 Bg7 4. e4 d6 5. Be2 O-O 6. Bg5 Nbd7 7. Qd2 e5 8. d5
Nc5 9. f3 Bd7 10. b4 Na4 11. Nxa4 Bxa4 12. Nh3 Bd7 13. Nf2 Qe7 14. O-O Rfe8 15.
Rfc1 Rad8 16. a4 Qf8 17. c5 c6 18. dxc6 Bxc6 19. b5 dxc5 20. Qa5 Bd7 21. Qxa7
Re6 22. Qxb7 Qd6 23. Qa7 Bf8 24. Rd1 Qe7 25. Bc4 Bc8 26. Qxe7 Rxd1+ 27. Rxd1
Bxe7 28. Bxe6 Bxe6 29. b6 Bc8 30. Bxf6 Bxf6 31. Rd7 Kg7 32. b7 Bxb7 33. Rxb7
Bg5 34. a5 c4 35. a6 Be3 36. a7 Bxa7 37. Rxa7 h5 38. Rc7 g5 39. Rxc4 f6 40. Nd3
Kh6 41. Rc6 {Hossa resigns} 1-0

[Event "ICS Rated bullet match"]
[Site "207.99.83.227"]
[Date "1999.04.22"]
[Round "?"]
[White "Tim"]
[Black "Hossa"]
[Result "0-1"]
[WhiteElo "2225"]
[BlackElo "2424"]
[PlyCount "49"]

1. d4 Nf6 2. f3 d5 3. e4 dxe4 4. Nc3 exf3 5. Nxf3 Bf5 6. Ne5 e6 7. g4 Be4 8.
Nxe4 Nxe4 9. Qf3 Qxd4 10. Qxf7+ Kd8 11. Qf4 Bb4+ 12. c3 Bxc3+ 13. bxc3 Qxc3+
14. Kd1 Qd4+ 15. Kc2 Qxa1 16. Bb2 Qxa2 17. Qxe4 Kc8 18. Bc4 Qa4+ 19. Kb1 Qe8
20. Nf7 Rf8 21. Bxe6+ Nd7 22. Qf5 Kb8 23. Bxg7 Nc5 24. Bxf8 Nxe6 25. Qxe6 {
Tim resigns} 0-1

[Event "ICS rated blitz match"]
[Site "207.99.83.227"]
[Date "1999.04.22"]
[Round "?"]
[White "ferman"]
[Black "Hossa"]
[Result "0-1"]
[WhiteElo "2097"]
[BlackElo "2425"]
[PlyCount "74"]

1. d4 Nf6 2. c4 g6 3. Nf3 Bg7 4. Nc3 d6 5. e4 O-O 6. Be2 e5 7. O-O exd4 8. Nxd4
Qe8 9. f3 Nc6 10. Be3 Bd7 11. Qd2 Qe5 12. Rad1 Qh5 13. Rfe1 Nxd4 14. Bxd4 Rae8
15. Nd5 Nxd5 16. cxd5 Bh6 17. Qc3 Rc8 18. Bf6 Bf4 19. g3 Be5 20. Bxe5 Qxe5 21.
Rc1 Qxc3 22. Rxc3 f5 23. Bd3 fxe4 24. Bxe4 c5 25. dxc6 bxc6 26. Rec1 d5 27. Bc2
Rb8 28. Rb1 Rbe8 29. Ba4 Re2 30. Bd1 Rd2 31. a3 Re8 32. Ba4 Ree2 33. Bxc6 Rg2+
34. Kh1 Rxh2+ 35. Kg1 Rdg2+ 36. Kf1 Bh3 37. Bxd5+ 37... Kg7 {ferman resigns}
0-1

[Event "ICS rated bullet match"]
[Site "207.99.83.227"]
[Date "1999.04.22"]
[Round "?"]
[White "Hossa"]
[Black "Tim"]
[Result "1-0"]
[WhiteElo "2432"]
[BlackElo "2217"]
[PlyCount "89"]

1. e4 d5 2. exd5 Nf6 3. Bb5+ Bd7 4. Bc4 b5 5. Bb3 Bg4 6. f3 Bc8 7. Ne2 Bb7 8.
Nec3 b4 9. Qe2 a6 10. Ne4 Nxd5 11. d3 e6 12. Bg5 Be7 13. Bxd5 Bxd5 14. Bxe7
Qxe7 15. O-O O-O 16. Qf2 Nd7 17. Nbd2 Nf6 18. Qh4 Rfe8 19. Nxf6+ Qxf6 20. Qxf6
gxf6 21. Ne4 Bxe4 22. fxe4 Kg7 23. Rf4 a5 24. Raf1 f5 25. exf5 e5 26. f6+ Kh8
27. Rc4 Ra7 28. Rf5 Re6 29. Rc5 h6 30. Rfxe5 Rxe5 31. Rxe5 Ra6 32. Re7 Rxf6 33.
Rxc7 Kg7 34. Rc5 Ra6 35. c4 bxc3 36. bxc3 a4 37. Rc4 a3 38. Rb4 Re6 39. Kf2
Rf6+ 40. Ke2 Re6+ 41. Kd2 Rf6 42. Rg4+ Kf8 43. Re4 Rf2+ 44. Re2 Rf1 45. Kc2 {
Tim resigns} 1-0

[Event "ICS rated blitz match"]
[Site "207.99.83.227"]
[Date "1999.04.22"]
[Round "?"]
[White "Hossa"]
[Black "Happychess"]
[Result "0-1"]
[WhiteElo "2429"]
[BlackElo "2674"]
[Annotator "Crafty v16.6"]
[PlyCount "136"]

{annotating for player Hossa using a scoring margin of +0.10 pawns. search
time limit is 10.00} 1. e4 1... c5 2. Nf3 d6 3. d4 cxd4 4. Nxd4 Nf6 5. Bb5+ ({
8:+0.25} 5. Bb5+ 5... Bd7 6. Nc3 Bxb5 7. Ndxb5 a6 8. Nd4 e5 9. Nf5 9... Nc6 $10
) ({8:+0.38} 5. Bd3 5... Bg4 6. f3 Bd7 7. O-O Nc6 8. Nxc6 Qb6+ 9. Rf2 9... Qxc6
$14) 5... Bd7 6. Nc3 Bxb5 7. Ndxb5 Nc6 8. Bg5 Qa5 9. Bxf6 gxf6 10. Qg4 ({
9:+0.51} 10. Qg4 10... a6 11. Na3 Qg5 12. Qh3 Bg7 13. O-O Nd4 14. Qd3 $14) ({
9:+0.90} 10. O-O 10... a6 11. Nd4 Nxd4 12. Qxd4 Qc5 13. Qd3 Bh6 14. Nd5 14...
Bg5 $16) 10... a6 11. Na3 b5 12. Qe2 ({9:+0.00} 12. Qe2 12... b4 13. Nc4 Qg5
14. Nd5 Qxg2 15. O-O-O Bh6+ 16. Kb1 16... Nd4 $10) ({9:+0.56} 12. O-O 12... Ne5
13. Qe2 b4 14. Nc4 Qc5 15. Nxe5 Qxe5 16. Na4 16... Bh6 $14) 12... Rg8 13. f3
Bg7 14. Qf2 f5 15. Qd2 Bxc3 16. Qxc3 Qxc3+ 17. bxc3 fxe4 18. Kf2 exf3 19. gxf3
Kd7 20. Rag1 Rac8 21. Rg3 Ne5 22. Nb1 Nc4 23. Rd1 Rg6 24. Rd3 Ke6 25. Rd1 Kf5
26. Rd4 h6 27. Rh4 e6 28. Rh5+ Kf6 29. Rh4 Rcg8 30. a4 Ke5 31. axb5 axb5 32.
Rd4 f6 33. Nd2 d5 34. Nb3 Kd6 35. Rf4 f5 36. Nd4 Ke5 37. Rh4 f4 38. Rh5+ Kf6
39. Rxg6+ Rxg6 40. Nxb5 Ne3 41. Na3 e5 42. Ke1 e4 43. c4 Rg1+ 44. Kd2 Ra1 45.
Nb5 exf3 46. Rxh6+ Kg5 47. Rh3 Nxc4+ 48. Kc3 Kg4 49. Rxf3 Kxf3 50. Nc7 Ke4 51.
Ne6 f3 52. Ng5+ Kf4 53. Nh3+ Kg4 54. Nf2+ Kf4 55. Nh3+ Ke3 56. Kb4 Rh1 57. Kc5
Rxh2 58. Nf2 Rxf2 59. c3 Rc2 60. Kb5 f2 61. Kc6 f1=Q 62. Kb5 Na5+ 63. Kc5 Qc4+
64. Kd6 Rxc3 65. Ke5 Qe4+ 66. Kd6 Rc6+ 67. Kd7 Qe6+ 68. Kd8 Nb7# 0-1

[Event "ICS Rated blitz match"]
[Site "207.99.83.227"]
[Date "1999.04.22"]
[Round "?"]
[White "Hossa"]
[Black "brutus"]
[Result "1-0"]
[WhiteElo "2423"]
[BlackElo "2071"]
[Annotator "Fritz 5.32 (15s)"]
[PlyCount "93"]

1. d4 Nf6 2. c4 g6 3. Nc3 d5 4. cxd5 Nxd5 5. Nxd5 Qxd5 6. Nf3 (6. e3 Bg7 7. Nf3
Bg4 8. Be2 O-O 9. Bd2 c5 10. Bc3 Nc6 11. O-O Rfd8 12. Qa4 cxd4 13. Nxd4 Qe4 14.
Bxg4 Qxg4 15. h3 Qh4 16. Qb5 Nxd4 17. Bxd4 17... Bxd4 {
0-1 Kovaljovs,N-Baramidze,D/EuYouth U10 Boys, Tallinn EST 1997 (17)}) 6... Bg7
7. Bf4 7... c5 $146 (7... c6 8. e3 Qa5+ 9. Qd2 Qxd2+ 10. Nxd2 O-O 11. Be2 Nd7
12. Nf3 Nf6 13. h3 Ne4 14. O-O Re8 15. Ne5 h5 16. Bc4 Nd6 17. Bb3 Kh7 18. Nxf7
Nxf7 19. Bxf7 Rf8 20. Bb3 Bf5 21. Rfd1 Bf6 22. Rac1 Rac8 23. Bc2 Be6 24. Bb1
Bg7 25. Rc5 Bd5 26. Bg5 Rce8 27. e4 Be6 28. b3 Bd7 29. Be3 Rf7 30. f4 e6 31.
Rf1 b6 32. Rg5 Bf6 33. Rg3 Be7 34. e5 Rg8 35. Rc1 Rff8 36. Be4 Rc8 37. Bf2 Bb4
38. Be3 Be7 39. Rf3 Rgf8 40. Bd2 c5 41. dxc5 Bxc5+ 42. Kh2 {
Ibrahim Elira Hanum-Jonckers/ol 1994/1-0 (79)}) 8. Be5 Bxe5 9. dxe5 Qxd1+ 10.
Rxd1 Nc6 11. e4 a6 12. Be2 Be6 13. a3 h6 14. Rc1 b6 15. b4 Nd4 16. Nxd4 cxd4
17. Rd1 b5 18. Rxd4 Rd8 19. Rxd8+ Kxd8 20. Kd2 Kc7 21. Rc1+ Kb6 22. Rc5 Rd8+
23. Kc3 Rc8 24. Rxc8 Bxc8 25. f4 Bb7 26. Bd3 e6 27. g4 Kc7 28. Kd4 Kc6 29. f5
Bc8 30. h4 Bd7 31. f6 Kb6 32. Bc2 Kc6 33. a4 Kb6 34. a5+ Kc6 35. Bd3 Be8 36.
Bf1 Bd7 37. Be2 Bc8 38. g5 hxg5 39. h5 gxh5 40. Bxh5 Kd7 41. Bxf7 Bb7 42. Ke3
Bc6 43. Bg6 {Mit der Absicht Kf3} 43... Bb7 44. Kf3 Bc6 45. Kg4 Bb7 46. Kxg5
Bc6 47. Kh6 (47. Kh6 Bb7 48. f7 Ke7 49. Kg7 Kd8 50. f8=Q+ Kc7 51. Qd6+ Kc8 52.
Bf5 Bd5 53. exd5 exf5 54. e6 f4 55. e7 f3 56. e8=Q+ Kb7 57. Qeb8#) 1-0